Security Enhancements for privacy and key management protocol in IEEE 802.16e-2005 (Record no. 180654)
[ view plain ]
| 000 -LEADER | |
|---|---|
| fixed length control field | 00683 a2200181 4500 |
| 003 - CONTROL NUMBER IDENTIFIER | |
| control field | Nust |
| 005 - DATE AND TIME OF LATEST TRANSACTION | |
| control field | 20170207153153.0 |
| 040 ## - CATALOGING SOURCE | |
| Transcribing agency | Nust |
| 082 ## - DEWEY DECIMAL CLASSIFICATION NUMBER | |
| Classification number | 005.8 |
| 100 ## - MAIN ENTRY--PERSONAL NAME | |
| Personal name | Altaf, Ayesha (MSIS-5) |
| 245 ## - TITLE STATEMENT | |
| Title | Security Enhancements for privacy and key management protocol in IEEE 802.16e-2005 |
| Statement of responsibility, etc. | Ayesha Altaf |
| 260 ## - PUBLICATION, DISTRIBUTION, ETC. | |
| Name of publisher, distributor, etc. | MCS (NUST) |
| Date of publication, distribution, etc. | 2009 |
| Place of publication, distribution, etc. | Rawalpindi |
| 300 ## - PHYSICAL DESCRIPTION | |
| Extent | xi,54, p. |
| 505 ## - FORMATTED CONTENTS NOTE | |
| Formatted contents note | Research introduction (page-1) Wireless man IEEE 802.16e-2005 (page-7)Security sub layer for IEEE 802.16e-2005 (page-19) Implementation and simulation results for proposed solution (page-41) Conclusion (page-50) |
| 538 ## - SYSTEM DETAILS NOTE | |
| System details note | Almirah No.70 Shelf No.4 |
| 650 ## - SUBJECT ADDED ENTRY--TOPICAL TERM | |
| Topical term or geographic name entry element | PG Thesis |
| 651 ## - SUBJECT ADDED ENTRY--GEOGRAPHIC NAME | |
| Geographic name | MSIS-5 |
| 942 ## - ADDED ENTRY ELEMENTS (KOHA) | |
| Koha item type | |
| Withdrawn status | Lost status | Source of classification or shelving scheme | Damaged status | Not for loan | Collection code | Permanent Location | Current Location | Date acquired | Total Checkouts | Full call number | Barcode | Date last seen | Price effective from | Koha item type |
|---|---|---|---|---|---|---|---|---|---|---|---|---|---|---|
| Military College of Signals (MCS) | Military College of Signals (MCS) | 12/12/2016 | 005.8 ALT | MCSTIS-136 | 12/08/2016 | 12/12/2016 | Book | |||||||
| Military College of Signals (MCS) | Military College of Signals (MCS) | 12/12/2016 | 005.8 ALT | MCSTIS-39 | 12/08/2016 | 12/12/2016 | Book |
